Fr. Conceicao Rodrigues College of Engineering

8051 Microcontroller and embedded systems (Record no. 22897)

MARC details
000 -LEADER
fixed length control field 00248nam a2200121Ia 4500
100 ## - MAIN ENTRY--PERSONAL NAME
Personal name #N/A
245 ## - TITLE STATEMENT
Title 8051 Microcontroller and embedded systems
260 ## - PUBLICATION, DISTRIBUTION, ETC.
Name of publisher, distributor, etc. #N/A
546 ## - LANGUAGE NOTE
Language note ENGLISH
650 ## - SUBJECT ADDED ENTRY--TOPICAL TERM
Topical term or geographic name entry element Computer/ IT
654 ## - SUBJECT ADDED ENTRY--FACETED TOPICAL TERMS
Focus term 8051
942 ## - ADDED ENTRY ELEMENTS (KOHA)
Koha item type BOOK
Holdings
Withdrawn status Lost status Damaged status Not for loan Collection Home library Current library Date acquired Total Checkouts Full call number Barcode Date last seen Price effective from Koha item type
        CD Fr. Agnel's C.Rodrigues College of Engineering Fr. Agnel's C.Rodrigues College of Engineering 17/03/2023   CD1437 17/03/2023 17/03/2023 BOOK
        CD Fr. Agnel's C.Rodrigues College of Engineering Fr. Agnel's C.Rodrigues College of Engineering 17/03/2023   CD1438 17/03/2023 17/03/2023 BOOK
        CD Fr. Agnel's C.Rodrigues College of Engineering Fr. Agnel's C.Rodrigues College of Engineering 17/03/2023   CD1439 17/03/2023 17/03/2023 BOOK
        CD Fr. Agnel's C.Rodrigues College of Engineering Fr. Agnel's C.Rodrigues College of Engineering 17/03/2023   CD1440 17/03/2023 17/03/2023 BOOK
        CD Fr. Agnel's C.Rodrigues College of Engineering Fr. Agnel's C.Rodrigues College of Engineering 17/03/2023   CD1441 17/03/2023 17/03/2023 BOOK